Historia antigua (Registro nro. 72726)

Detalles MARC
000 -ENCABEZADO
Número de control [NR] 01810nam a2200265Ia 4500
005 - FECHA Y HORA DE LA ÚLTIMA TRANSACCIÓN
control field 20190123140358.0
008 - DE LONGITUD FIJA DE DATOS DE ELEMENTOS - INFORMACIÓN GENERAL
Elementos de longitud fija [NR] 130821s1917 ck a fr 1 spa d
040 ## - FUENTE DE CATALOGACION [NR]
Agencia de catalogación original [NR] Co-BoUCM
Idioma de catalogación [NR] spa
Quien Cataloga Sandra Yazo
Quien Clasifica Sandra Yazo
041 0# - CODIGO DE IDIOMA [R]
Código de idioma para texto/pista de sonido o título separado [R] Español
082 04 - NUMERO DE CLASIFICACION DECIMAL DEWEY [R]
Número de clasificación [R] 930
Número de la edición [NR] 20
092 ## - SIGNATURA TOPOGRAFICA LOCAL
Número de clasificación local E09N025
100 1# - ASIENTO PRINCIPAL--NOMBRE PERSONAL [NR]
Nombre personal [NR] Botero, Manuel Antonio
ID Autoridad 32400
245 10 - MENCION DE TITULO [NR]
Título [NR] Historia antigua
Parte restante del título [NR] Lecciones dictadas en el Colegio Mayor de Nuestra Señora del Rosario
Mención de responsabilidad, etc. [NR] por Manuel Antonio Botero
260 ## - PUBLICACION, DISTRIBUCION, ETC. (PIE DE IMPRENTA) [R]
Lugar de publicación, distribución, etc. [R] Bogotá (Colombia)
Nombre del editor, distribuidor, etc. [R] Tipografía Augusta
Fecha de publicación, distribución, etc. [R] 1917
300 ## - DESCRIPCION FISICA [R]
Extensión [R] 260 páginas
Otros detalles físicos [NR] ilustraciones
Dimensiones [R] 21 x 14 cm.
500 ## - NOTA GENERAL [R]
Nota general [NR] Detalles físicos: encuadernación rígida (holandesa) cartón forrado en papel, con lomo de tela encolada roja. Guardas, en la delantera nota de donación por el autor. Portada impresa en una sola tinta. Dedicatoria. Texto impreso en una sola columna con varios tipos y tamaños de letra. Márgenes anchos. Ilustraciones a blanco y negro entre el texto. Buen estado de conservación. Papel con oxidación
505 2# - NOTA DE CONTENIDO CON FORMATO PREESTABLECIDO [R]
Nota de contenido con formato preestablecido [NR] Cronología ; Geología ; Preliminares de la historia ; Edades primitivas ; India ; China ; Oriente ; Asirios ; Judíos ; Fenicios ; Medos y Persas -- Grecia ; Esparta ; Atenas ; Los siete sabios de Grecia ; Guerras médicas ; Siglo de oro de Grecia ; La decadencia ; Macedonia ; Desmembramiento del Imperio de Alejandro ; Mitología -- Roma ; República Romana ; Conquista de Italia ; Guerras púnicas ; Guerras civiles ; Caída de la república ; Siglo de Augusto ; América.
506 ## - NOTA DE RESTRICCIONES DE ACCESO [R]
Condiciones de acceso [NR] Consulta en sala
650 #7 - ASIENTO SECUNDARIO DE MATERIA - TERMINO TEMATICO [R]
Término temático o nombre geográfico como elemento de entrada [NR] Historia antigua
9 (RLIN) 16925
Subdivisión general [R] Enseñanza
650 #7 - ASIENTO SECUNDARIO DE MATERIA - TERMINO TEMATICO [R]
Término temático o nombre geográfico como elemento de entrada [NR] Historia antigua
Subdivisión general [R] Libros de texto
9 (RLIN) 95222
651 #4 - ASIENTO SECUNDARIO DE MATERIA - NOMBRE GEOGRAFICO [R]
Nombre geográfico [NR] Grecia antigua
9 (RLIN) 26628
651 #4 - ASIENTO SECUNDARIO DE MATERIA - NOMBRE GEOGRAFICO [R]
Nombre geográfico [NR] Roma (Italia)
Subdivisión general [R] Historia antigua
9 (RLIN) 64325
690 ## - ASUNTO AGREGADO LOCAL DE ENTRADA - TÉRMINO TEMÁTICO (OCLC, RLIN)
Acceso temático local Historia universal
9 (RLIN) 16951
942 ## - ELEMENTOS DE ENTRADA AGREGADOS (KOHA)
Tipo de ítem principal el descrito en 300a Libro
Tema principal 21
Edición 1
Sistema de clasificación LOCAL
Clasificación E09N025
Existencias
Suprimido Perdido Sistema de clasificación Dañado No prestable Tipo de ítem específico Ubicación habitual Ubicación actual Localización Fecha de creación Forma de adquisición Costo Total préstamos Signatura topográfica Código de barras Última vez visto Ejemplar Price effective from Tipo de ítem
    LOCAL     Libro archivo Archivo Histórico Archivo Histórico Archivo histórico 09/09/2014 Donación 0.00   E09N025 L001399 15/12/2012 Ej.1 03/02/2013 Libro